000 00627nam a2200289Ia 4500
001 1027
003 2015
005 20241011062604.0
008 ||||||n9999 ||| || ||
041 _aspa
082 _219
_a301
100 _aZetterberg, Hans
_92061
245 0 _aTeoria y verificacion en sociologia
260 _aBuenos Aires :
_bNueva Vision,
_c1971.
300 _a142p
562 _e7
650 0 _aSociologĂ­a
_9884
942 _cBKM
999 _c1027
_d1027
526 _a102618
526 _a15794
526 _a102619
526 _a102620
526 _a4969
526 _a19790
526 _a104436
526 _a1703